La politique vue d'en bas : Pratiques privées et débats publics - 19e-20e siècles (notice n° 1568112)

détails MARC
000 -LEADER
fixed length control field 01736cam a2200157 4500500
005 - DATE AND TIME OF LATEST TRANSACTION
control field 20251214004009.0
041 ## - LANGUAGE CODE
Language code of text/sound track or separate title fre
042 ## - AUTHENTICATION CODE
Authentication code dc
100 10 - MAIN ENTRY--PERSONAL NAME
Personal name Engels, Jens Ivo
Relator term author
245 00 - TITLE STATEMENT
Title La politique vue d'en bas : Pratiques privées et débats publics - 19e-20e siècles
260 ## - PUBLICATION, DISTRIBUTION, ETC.
Name of publisher, distributor, etc. Armand Colin,<br/>
Date of publication, distribution, etc. 2012.<br/>
520 ## - SUMMARY, ETC.
Summary, etc. Premier volume d’une série consacrée à l’étude des coulisses du politique à l’époque contemporaine, ce livre collectif est consacré à une histoire comparatiste du politique dans l’espace européen. Deux grandes questions sont examinées ici : les formes d’apprentissage de la politique en Europe au temps du Premier Empire d’un côté, les débats publics sur la corruption politique et l’évolution des pratiques de faveur, en France et en Allemagne, de l’autre. Il s’agit, dans les deux cas, de chercher à savoir comment s’est formé l’homo politicus à l’époque contemporaine, et comment il en est venu à définir le bien commun, en actes et en discours. Au-delà d’une grande diversité dans les terrains d’enquête, ces études dessinent une histoire où les acteurs ordinaires entretiennent des relations complexes avec les gouvernants, où les sphères publiques, si souvent conflictuelles, abritent pamphlets et rumeurs, et où les pratiques de pouvoir révèlent l’existence de normes ambivalentes, voire contradictoires. Autant de jalons pour une nouvelle anthropologie historique du politique à l’échelle européenne.
700 10 - ADDED ENTRY--PERSONAL NAME
Personal name Monier, Frédéric
Relator term author
700 10 - ADDED ENTRY--PERSONAL NAME
Personal name Petiteau, Natalie
Relator term author
856 41 - ELECTRONIC LOCATION AND ACCESS
Uniform Resource Identifier <a href="https://shs.cairn.info/la-politique-vue-d-en-bas-pratiques-privees-debats--9782200274351?lang=fr&redirect-ssocas=7080">https://shs.cairn.info/la-politique-vue-d-en-bas-pratiques-privees-debats--9782200274351?lang=fr&redirect-ssocas=7080</a>

Pas d'exemplaire disponible.

PLUDOC

PLUDOC est la plateforme unique et centralisée de gestion des bibliothèques physiques et numériques de Guinée administré par le CEDUST. Elle est la plus grande base de données de ressources documentaires pour les Étudiants, Enseignants chercheurs et Chercheurs de Guinée.

Adresse

627 919 101/664 919 101

25 boulevard du commerce
Kaloum, Conakry, Guinée

Réseaux sociaux

Powered by Netsen Group @ 2025